000 00416nam a2200181Ia 4500
005 20240823043959.0
008 240823s9999||||xx |||||||||||||| ||und||
041 _aENGLISH
082 _A621.3 M7
100 _aDhogal P S
245 0 _aBasic Electrical Engineering
250 _a1st
260 _c1987
_b"TMH,New Delhi"
500 _aYES
650 _aElectrical
_bElectrical
942 _cBK
999 _c211488
_d211488